000 00337nam a2200133Ia 4500
005 20260326100026.0
008 260326s9999||||xx |||||||||||||| ||und||
100 _aBarrucand, Marianne
245 0 _aArquitectura Islámica en Andalucía /
_cMarianne Barrucand
260 _bTaschen
300 _a235 p.
650 _aHISTORIA
942 _cBK
999 _c6422
_d6422